000 01131nam a22002297a 4500
001 8684
003 FISKH
005 20251010095247.0
008 251010b cb ||||| |||| 00| 0 eng d
020 _a9781107679610
040 _aFISKH
_beng
_cFISKH
_dFISKH
082 _a500
100 _aJones, Mary
245 _aCambridge checkpoint Science workbook 8 /
_cMary Jones, Diane Fellowes-Freeman and David Sang
250 _aThis edition published in 2014
260 _aNew York :
_bCambridge,
_c2012.
300 _a128 pages :
_bcolor illustrations ;
_c28 cm
520 _aThe Cambridge Lower Secondary Science Workbook 8 is tailored for students in Stage 8 of the Cambridge Lower Secondary Science curriculum. It offers a series of exercises that encourage students to apply their knowledge, conduct experiments, and analyze data, fostering skills in scientific inquiry and application. The workbook is structured around key scientific topics, providing a comprehensive approach to science education.
650 _aCambridge Curriculum
_vScientific Inquiry
_xHands-on Activities
942 _2ddc
_cBK
_n0
999 _c8684
_d8684